|
|
|
|
| LEADER |
00000cam a2200000 7i4500 |
| 001 |
0000003728 |
| 005 |
20110503.0 |
| 020 |
0 |
0 |
|a 9789839269673
|
| 090 |
0 |
0 |
|a JPSM 577.698
|b SEM 2008
|
| 110 |
1 |
0 |
|a SEMINAR Pemuliharaan Hutan Persisiran Pantai Negara
|k 2008
|j Pahang
|
| 245 |
1 |
0 |
|a Prosiding Seminar Pemuliharaan Hutan Persisiran Pantai Negara: 2008 :
|b Hasil Penyelidikan dan aplikasinya kepada tanaman serta kesedaran komuniti, 28-29 Oktober 2008, Pahang
|c editor oleh Abd. Rahman, A.R...[et..] all..
|
| 260 |
0 |
0 |
|a Kuala Lumpur :
|b Ibu Pejabat Perhutanan Semenanjung Malaysia ,
|c 2008
|
| 300 |
|
|
|a vii, 183 p. :
|b il..(col) ;
|c 30 cm.
|
| 650 |
0 |
0 |
|a Forests and mangroves
|z Malaysia
|
| 700 |
1 |
1 |
|a Abd. Rahman, A.R
|
| 700 |
1 |
1 |
|a Borhanuddin, A
|
| 700 |
1 |
1 |
|a Ihsan Sabri, K
|
| 700 |
1 |
1 |
|a Jefri, A.R
|
| 700 |
1 |
1 |
|a Jinis, A
|
| 700 |
1 |
1 |
|a Mohd. Shafie, M
|
| 700 |
1 |
1 |
|a Naaman, J.
|
| 700 |
1 |
1 |
|a Nabilah Hamidah, S
|
| 700 |
1 |
1 |
|a Norzalyta, M.G
|
| 700 |
1 |
1 |
|a Suhaili, R
|
| 710 |
1 |
1 |
|a Malaysia ,
|c Ibu Pejabat Perhutanan Semenanjung Malaysia
|
| 998 |
|
|
|a JPSM
|
| 999 |
|
|
|a 007598
|b Monograph
|c Open Shelf
|e Default branch
|